00647nam a2200157 a 450000100100000000500170001000800410002704000250006811100880009324500650018126000900024630000220033604900090035895201050036799900170047200002983520200930055837.0110426s19uu dr 000 0 spa d aDO-SdBNPbspacBNPHU2 aExposición colectiva de pintores y escultores dominicanosc(Santo Domingo)95658910aExposición colectiva de pintores y escultores dominicanos. aSanto Domingo :bColegio Dominicano de Artista PlasticosbBanco de Reservas,c[197?]. a[63] p. ;c22 cm. aBNPD 0010718PDaPDbPDcHDd2011-04-26iLF1l0o p29835-10r2020-06-25w2020-06-25yLFPDZNo se presta c29327d29327